| 000 | 00330nam a2200121Ia 4500 | ||
|---|---|---|---|
| 005 | 20250409181716.0 | ||
| 008 | 250409s9999||||xx |||||||||||||| ||und|| | ||
| 100 | _aTWAIN, MARK | ||
| 245 | 2 | _aA CONNECTICUT YANKEE IN KING ARTHUR'S COURT | |
| 260 |
_bHARPER &ROW PUBLISHERS, _aSINGAPORE: |
||
| 650 | _vEnglish Fiction | ||
| 942 | _cBOOK | ||
| 999 |
_c29104 _d29104 |
||